Islam and civilisational renewal a journal devoted to contemporary issues and policy research.
On the civilization of the Islamic countries and problems and prospects of Islam towards modernization.
| Título anterior: | IAIS journal of civilisation studies |
|---|---|
| Autor Corporativo: | |
| Formato: | Electrónico Revista |
| Lenguaje: | inglés |
| Publicado: |
[Kuala Lumpur?] :
Produced and distributed by Pluto Journals,
2009-
[Kuala Lumpur] : Produced and distributed by International Institute of Advanced Islamic Studies (IAIS) Malaysia |
| Materias: | |
| Acceso en línea: | Full text available from Research Library: 10/01/2009 to 10/31/2011 |
MARC
| LEADER | 00000nas a2200000 a 4500 | ||
|---|---|---|---|
| 001 | ssj0000557893 | ||
| 003 | WaSeSS | ||
| 005 | 20200512172242.0 | ||
| 006 | m d | ||
| 007 | cr n | ||
| 008 | 100405c20099999my qr p s 0 0eng c | ||
| 010 | |a 2010269004 |z 2012332043 | ||
| 022 | |y 2041-871X | ||
| 035 | |a (WaSeSS)ssj0000557893 | ||
| 040 | |a UTV |b eng |c UTV |d UTV |d OCLCQ |d OCLCF |d OCLCO |d DLC |d OCL |d WaSeSS | ||
| 042 | |a pcc | ||
| 043 | |a a------ |a f------ | ||
| 050 | 0 | 0 | |a DS35.62 |b .I85 |
| 245 | 0 | 0 | |a Islam and civilisational renewal |h [electronic resource] : |b a journal devoted to contemporary issues and policy research. |
| 246 | 1 | 3 | |a ICR |
| 260 | |a [Kuala Lumpur?] : |b Produced and distributed by Pluto Journals, |c 2009- | ||
| 260 | 3 | |3 <Jan. 2012-> |a [Kuala Lumpur] : |b Produced and distributed by International Institute of Advanced Islamic Studies (IAIS) Malaysia | |
| 310 | |a Quarterly | ||
| 362 | 0 | |a Vol. 1, issue 1 (Oct. 2009)- | |
| 500 | |a Title from cover. | ||
| 506 | |a License restrictions may limit access. | ||
| 515 | |a First issue also called "Special issue". | ||
| 520 | |a On the civilization of the Islamic countries and problems and prospects of Islam towards modernization. | ||
| 550 | |a Issued by the International Institute of Advanced Islamic Studies (IAIS) Malaysia. | ||
| 588 | |a Latest issue consulted: Vol. 3, no. 2 (Jan. 2012). | ||
| 648 | 7 | |a 1900-2099 |2 fast | |
| 650 | 0 | |a Islam |y 20th century |v Periodicals. | |
| 650 | 0 | |a Islam |y 21st century |v Periodicals. | |
| 650 | 7 | |a Civilization. |2 fast |0 (OCoLC)fst00862898 | |
| 650 | 7 | |a Islam. |2 fast |0 (OCoLC)fst00979776 | |
| 651 | 0 | |a Islamic countries |x Civilization |v Periodicals. | |
| 651 | 7 | |a Islamic countries. |2 fast |0 (OCoLC)fst01244130 | |
| 655 | 0 | |a Electronic journals. | |
| 710 | 2 | |a International Institute of Advanced Islamic Studies Malaysia. | |
| 780 | 0 | 0 | |t IAIS journal of civilisation studies |w (DLC) 2010269036 |w (OCoLC)561488224 |
| 850 | |a DLC | ||
| 856 | 4 | 0 | |z Full text available from Research Library: 10/01/2009 to 10/31/2011 |u https://search.proquest.com/publication/1156339 |